00290nam a2200121Ia 4500008004100000100001800041245004900059260001500108300001000123650001300133942000700146999001500153190216s9999||||xx |||||||||||||| ||und|| aMaheswari S N 0aFinancial Management Principles And Practice bNullc1998 ag.27p aCommerce cBK c6053d6053